000 00660nam a2200217 4500
001 2163
003 OCoLC
005 20181127164654.0
008 940525s1994 ilua b 001 0 eng
010 _a93086174
020 _a087581381X
100 1 _aBohrnstedt, George W.
245 1 0 _aStatistics for social data analysis /
_cGeorge W. Bohrnstedt, David Knoke.
250 _a3rd ed.
260 _aItasca, Ill. :
_bF.E. Peacock Publishers,
_cc1994.
300 _axviii, 574 p. :
_bill. ;
_c24 cm.
504 _aIncludes bibliographical references and index.
650 0 _aSocial sciences
_xStatistical methods.
650 0 _aStatistics.
700 1 _aKnoke, David.
999 _c1707
_d1707